000 00603nam a2200205 i 4500
001 70058
003 ES-MaACL
005 20250111062529.0
007 t|
008 040715s1985 sp ||||1| spa d
020 _a84-339-1721-8
100 1 _aGarcía Morales, Adelaida.
_954984
245 1 3 _aEl sur seguido de Bene /
_cAdelaida García Morales.
260 _aBarcelona :
_bAnagrama,
_c[1985]
300 _a110 p. ;
_c20 cm.
490 1 _aNarrativas hispánicas ;
_v21
830 0 0 _aNarrativas hispánicas (Anagrama)
_v21
_9178124
852 _aES-MaACL
_jL-8456
_bR.108895
999 _c70058
_d70058